Loading...
| History - European History | 0 | 5 | 0 | 3 | 50 | 93 | 114.00 | 0 | 3 |
| Fine Arts - Visual Fine Arts | 0 | 3 | 1 | 0 | 25 | 71 | 95.67 | 0 | 0 |
| Literature - European Literature | 0 | 3 | 1 | 1 | 25 | 95 | 114.67 | 1 | 1 |
| History - World History | 0 | 3 | 2 | 0 | 20 | 54 | 76.33 | 1 | 1 |
| Literature - World/Other Literature | 0 | 2 | 0 | 0 | 20 | 103 | 107.00 | 0 | 0 |
| Geography/Current Events | 0 | 2 | 0 | 2 | 20 | 123 | 128.00 | 0 | 1 |
| History - Other History | 0 | 2 | 0 | 0 | 20 | 57 | 69.50 | 0 | 1 |
| Social Science | 0 | 1 | 0 | 0 | 10 | 117 | 117.00 | 0 | 0 |
| Literature - British Literature | 0 | 1 | 0 | 0 | 10 | 105 | 105.00 | 0 | 1 |
| Science - Other Science | 0 | 1 | 0 | 0 | 10 | 65 | 65.00 | 0 | 1 |
| Science - Physics | 0 | 1 | 0 | 0 | 10 | 83 | 83.00 | 0 | 0 |
| Fine Arts - Other Fine Arts | 0 | 1 | 0 | 0 | 10 | 141 | 141.00 | 0 | 0 |
| Mythology | 0 | 1 | 1 | 0 | 5 | 109 | 109.00 | 0 | 0 |
| Philosophy | 0 | 1 | 1 | 0 | 5 | 124 | 124.00 | 0 | 0 |
| Other Academic | 0 | 1 | 1 | 0 | 5 | 101 | 101.00 | 0 | 0 |
| Literature - American Literature | 0 | 1 | 1 | 1 | 5 | 129 | 129.00 | 0 | 0 |
| History - American History | 0 | 2 | 3 | 2 | 5 | 119 | 124.50 | 0 | 0 |
| Religion | 0 | 1 | 2 | 0 | 0 | 84 | 84.00 | 0 | 0 |
| Science - Chemistry | 0 | 0 | 1 | 0 | -5 | 0.00 | 0 | 0 |